Yih k̲h̲āmūshī kahān̲ tak? : (Record no. 330399)

000 -LEADER
fixed length control field 01964cam a2200457 i 4500
001 - CONTROL NUMBER
control field 17613673
003 - CONTROL NUMBER IDENTIFIER
control field NUST
005 - DATE AND TIME OF LATEST TRANSACTION
control field 20220516094419.0
008 - FIXED-LENGTH DATA ELEMENTS--GENERAL INFORMATION
fixed length control field 130204s2012 pk abf 000 0aurd
010 ## - LIBRARY OF CONGRESS CONTROL NUMBER
LC control number 2013344100
025 ## - OVERSEAS ACQUISITION NUMBER
Overseas acquisition number P-U-2013344100; 28
037 ## - SOURCE OF ACQUISITION
Source of stock number/acquisition Library of Congress -- Islamabad Overseas Office
Terms of availability Rs 800
038 ## - RECORD CONTENT LICENSOR
Staff Name Arshad
040 ## - CATALOGING SOURCE
Original cataloging agency DLC
Language of cataloging eng
Transcribing agency DLC
Description conventions rda
042 ## - AUTHENTICATION CODE
Authentication code lcode
-- pcc
043 ## - GEOGRAPHIC AREA CODE
Geographic area code a-pk---
050 00 - LIBRARY OF CONGRESS CALL NUMBER
Classification number U55.A95
Item number A3 2012
066 ## - CHARACTER SETS PRESENT
Alternate G0 or G1 character set (3
-- (4
082 ## - DEWEY DECIMAL CLASSIFICATION NUMBER
Classification number 923.55
Author Mark SHA
100 1# - MAIN ENTRY--PERSONAL NAME
Personal name ʻAzīz, Shāhid,
Dates associated with a name 1948-
9 (RLIN) 3159
Linkage 880-01
245 10 - TITLE STATEMENT
Title Yih k̲h̲āmūshī kahān̲ tak? :
Remainder of title ek sipāhī kī dāstān-i ʻishq va junūn̲ /
Statement of responsibility, etc. Laifṭīnanṭ Janral (reṭāʼirḍ) Shāhid ʻAzīz.
Linkage 880-02
260 ## - PUBLICATION, DISTRIBUTION, ETC.
Linkage 880-03
264 #1 - PRODUCTION, PUBLICATION, DISTRIBUTION, MANUFACTURE, AND COPYRIGHT NOTICE
Place of production, publication, distribution, manufacture Islāmābād :
Name of producer, publisher, distributor, manufacturer Seven Springs Publishers,
Date of production, publication, distribution, manufacture, or copyright notice 2012.
300 ## - PHYSICAL DESCRIPTION
Extent 463, 15, 11 pages, 10 unnumbered pages of plates :
Other physical details illustrations (chiefly color), maps ;
Dimensions 25 cm
336 ## - CONTENT TYPE
Content type term text
Source rdacontent
337 ## - MEDIA TYPE
Media type term unmediated
Source rdamedia
338 ## - CARRIER TYPE
Carrier type term volume
Source rdacarrier
520 ## - SUMMARY, ETC.
Summary, etc. Autobiography of a Pakistan Army officer; also includes Pakistan politics and government in 21st century.
546 ## - LANGUAGE NOTE
Language note In Urdu.
563 ## - BINDING INFORMATION
Binding note PBK
600 10 - SUBJECT ADDED ENTRY--PERSONAL NAME
Linkage 880-04
Personal name ʻAzīz, Shāhid,
Dates associated with a name 1948-
9 (RLIN) 3159
610 10 - SUBJECT ADDED ENTRY--CORPORATE NAME
Corporate name or jurisdiction name as entry element Pakistan.
Subordinate unit Army
General subdivision Officers
Form subdivision Biography.
9 (RLIN) 3160
650 #0 - SUBJECT ADDED ENTRY--TOPICAL TERM
Topical term or geographic name entry element Soldiers
Geographic subdivision Pakistan
Form subdivision Biography.
9 (RLIN) 3161
651 #0 - SUBJECT ADDED ENTRY--GEOGRAPHIC NAME
Geographic name Pakistan
General subdivision Politics and government
Chronological subdivision 21st century.
9 (RLIN) 1623
880 1# - ALTERNATE GRAPHIC REPRESENTATION
Linkage 100-01(3\r
Title ‏عزيز، شاهد،‏
d ‏1948-
880 10 - ALTERNATE GRAPHIC REPRESENTATION
Linkage 245-02(3\r
Title ‏يه خاموشى کهاں تک؟ :‏
b ‏ايک سپاهى کى داستان عشق و جنوں /‏
c ‏ليفٹيننٹ جنرل (ريٹائرڈ) شاهد عزيز.
880 ## - ALTERNATE GRAPHIC REPRESENTATION
Linkage 260-02(3\r
Title ‏اسلام‌آباد :‏
b ‏Seven Springs Publishers،‏
c ‏‫2012‬.
906 ## - LOCAL DATA ELEMENT F, LDF (RLIN)
a 7
b cbc
c origode
d 3
e ncip
f 20
g y-nonroman
942 ## - ADDED ENTRY ELEMENTS (KOHA)
Source of classification or shelving scheme
Koha item type Book
Holdings
Withdrawn status Lost status Source of classification or shelving scheme Damaged status Not for loan Permanent Location Current Location Shelving location Date acquired Total Checkouts Total Renewals Full call number Barcode Date last seen Date last checked out Copy number Koha item type
          Central Library (CL) Central Library (CL) Fiction 07/05/2017 4 3 923 SHA CL3207 06/05/2025 06/12/2023 1 Book
© 2023 Central Library, National University of Sciences and Technology. All Rights Reserved.